Bezdomovci a poskytovatelé sociálních služeb v moderní společnosti – trochu jiný pohled
Ľudia bez domova, ktorých označujeme zaužívaným označením "bezdomovci", predstavujú významnú skupinu ľudí tzv. sociálne vylúčených, či sociálne neprispôsobivých. Problematika bezdomovectva v moderných spoločnostiach a poskytovanie sociálnych služieb ľuďom bez domova alebo bez prístrešia. Fungovanie...
Enregistré dans:
| Auteur principal: | |
|---|---|
| Format: | Chapitre de livre |
| Langue: | tchèque |
| Sujets: | |
| Tags: |
Pas de tags, Soyez le premier à ajouter un tag!
|
MARC
| LEADER | 00000naa a2200000 4500 | ||
|---|---|---|---|
| 001 | 0201709 | ||
| 005 | 20220729111814.9 | ||
| 041 | 0 | |a cze | |
| 044 | |a CZ | ||
| 245 | 1 | 0 | |a Bezdomovci a poskytovatelé sociálních služeb v moderní společnosti – trochu jiný pohled |c Leoš Zatloukal |
| 520 | |a Ľudia bez domova, ktorých označujeme zaužívaným označením "bezdomovci", predstavujú významnú skupinu ľudí tzv. sociálne vylúčených, či sociálne neprispôsobivých. Problematika bezdomovectva v moderných spoločnostiach a poskytovanie sociálnych služieb ľuďom bez domova alebo bez prístrešia. Fungovanie sociálnych služieb pre ľudí bez domova - skúsenosti a riešenia. | ||
| 610 | 2 | 0 | |a služby sociálne |
| 610 | 2 | 0 | |a práca sociálna |
| 610 | 2 | 0 | |a problémy spoločenské |
| 610 | 2 | 0 | |a vylúčenie sociálne |
| 610 | 2 | 0 | |a začlenenie sociálne |
| 610 | 2 | 0 | |a ľudia bez domova |
| 100 | 1 | |a Zatloukal, Leoš | |